[Event "IECG RI.2006.0.00068"]
[Site "IECG email"]
[Date "2006.09.09"]
[Round "?"]
[White "Bojovic, Srdjan"]
[Black "Mavizi, Hamid"]
[Result "0-1"]
[WhiteElo "1624"]
[BlackElo "1700"]
[PlyCount "45"]
[EventDate "2006.09.09"]
[EventType "tourn (corr)"]
[EventRounds "6"]
[SourceTitle "Corr 2008"]
[Source "ChessBase"]
[SourceDate "2008.06.24"]
[SourceVersion "1"]
[SourceVersionDate "2008.06.24"]
[SourceQuality "1"]

1. d4 e6 2. c4 c5 3. d5 d6 4. Nc3 Nf6 5. Nf3 Be7 6. e4 e5 7. h3 0-0 8. Bd3 h6 9. Be3 Nh7 10. Qd2 f5 11. exf5 Bxf5 12. Bxf5 Rxf5 13. Qc2 Rxf3 14. gxf3 Bg5 15. 0-0-0 Nd7 16. h4 Bf6 17. Ne4 Nb6 18. Rhg1 Kh8 19. Rg6 Nf8 20. Rxf6 gxf6 21. Bxh6 f5 22. Bg5 Qd7 23. Bf6+ 0-1

[Event "IECG RI.2006.0.00068"]
[Site "IECG email"]
[Date "2006.09.09"]
[Round "?"]
[White "Bojovic, Srdjan"]
[Black "Willoughby, Peter"]
[Result "0-1"]
[WhiteElo "1624"]
[BlackElo "1747"]
[PlyCount "51"]
[EventDate "2006.09.09"]
[EventType "tourn (corr)"]
[EventRounds "6"]
[SourceTitle "Corr 2008"]
[Source "ChessBase"]
[SourceDate "2008.06.24"]
[SourceVersion "1"]
[SourceVersionDate "2008.06.24"]
[SourceQuality "1"]

1. d4 Nf6 2. c4 c5 3. d5 b5 4. Nf3 Bb7 5. Nbd2 b4 6. e4 g6 7. e5 Nxd5 8. cxd5 Bxd5 9. Bc4 Bxc4 10. Nxc4 Bg7 11. Be3 Na6 12. Qa4 Qc8 13. Rd1 0-0 14. Qxd7 e6 15. Qxc8 Raxc8 16. Ke2 Nb8 17. Rd2 Nc6 18. Rc1 Ne7 19. Nd6 Rcd8 20. Bxc5 a5 21. Nc4 Rxd2+ 22. Nfxd2 Re8 23. Bxe7 Rxe7 24. Nxa5 Bxe5 25. Rc8+ Kg7 26. Nc6 0-1

[Event "IECG RI.2006.0.00068"]
[Site "IECG email"]
[Date "2006.09.09"]
[Round "?"]
[White "Johansen, Svein Age"]
[Black "Bojovic, Srdjan"]
[Result "1-0"]
[WhiteElo "1787"]
[BlackElo "1624"]
[PlyCount "32"]
[EventDate "2006.09.09"]
[EventType "tourn (corr)"]
[EventRounds "6"]
[SourceTitle "Corr 2008"]
[Source "ChessBase"]
[SourceDate "2008.06.24"]
[SourceVersion "1"]
[SourceVersionDate "2008.06.24"]
[SourceQuality "1"]

1. e4 e5 2. Nf3 Nc6 3. Bb5 a6 4. Ba4 Nf6 5. d4 exd4 6. 0-0 Be7 7. Re1 b5 8. e5 Nxe5 9. Rxe5 d6 10. Re1 bxa4 11. Nxd4 Bd7 12. Qf3 0-0 13. Nc3 Re8 14. Nc6 Bxc6 15. Qxc6 Qd7 16. Qxa4 Qxa4 1-0

[Event "IECG RI.2006.0.00068"]
[Site "IECG email"]
[Date "2006.09.09"]
[Round "?"]
[White "Sen, Tuncay"]
[Black "Bojovic, Srdjan"]
[Result "1-0"]
[WhiteElo "1772"]
[BlackElo "1624"]
[PlyCount "38"]
[EventDate "2006.09.09"]
[EventType "tourn (corr)"]
[EventRounds "6"]
[SourceTitle "Corr 2008"]
[Source "ChessBase"]
[SourceDate "2008.06.24"]
[SourceVersion "1"]
[SourceVersionDate "2008.06.24"]
[SourceQuality "1"]

1. e4 e5 2. Nf3 Nc6 3. d4 exd4 4. Bc4 Nf6 5. 0-0 Nxe4 6. Re1 d5 7. Bxd5 Qxd5 8. Nc3 Qh5 9. Nxe4 Be6 10. Bg5 Bd6 11. Nxd6+ cxd6 12. Bf4 Qd5 13. c3 Rc8 14. Nxd4 Nxd4 15. Re3 Rc4 16. Rd3 Qe4 17. Rxd4 Rxd4 18. Qxd4 Qxd4 19. cxd4 Kd7 1-0

[Event "IECG SL.2006.0.00043"]
[Site "IECG email"]
[Date "2006.07.10"]
[Round "?"]
[White "Bojovic, Srdjan"]
[Black "Castellano, Antonio Jr"]
[Result "1/2-1/2"]
[WhiteElo "1494"]
[BlackElo "1090"]
[PlyCount "44"]
[EventDate "2006.07.10"]
[EventType "tourn (corr)"]
[EventRounds "6"]
[SourceTitle "Corr 2008"]
[Source "ChessBase"]
[SourceDate "2008.06.24"]
[SourceVersion "1"]
[SourceVersionDate "2008.06.24"]
[SourceQuality "1"]

1. e4 e5 2. Nf3 Nc6 3. Bc4 Bc5 4. c3 Nf6 5. d4 exd4 6. cxd4 Bb4+ 7. Nbd2 Bxd2+ 8. Bxd2 Nxe4 9. d5 Ne7 10. 0-0 Nxd2 11. Qxd2 d6 12. Rfe1 0-0 13. Rac1 Re8 14. Bd3 h6 15. Be4 Bd7 16. Nd4 a6 17. Rc3 c6 18. dxc6 bxc6 19. Nxc6 Bxc6 20. Bxc6 Nxc6 21. Rxc6 Rxe1+ 22. Qxe1 Qd7 1/2-1/2

[Event "IECG OP.2006.0.00085"]
[Site "IECG email"]
[Date "2006.07.01"]
[Round "?"]
[White "Bojovic, Srdjan"]
[Black "Gyimesi, Jenoe"]
[Result "1/2-1/2"]
[WhiteElo "1457"]
[BlackElo "1000"]
[PlyCount "54"]
[EventDate "2006.07.01"]
[EventType "tourn (corr)"]
[EventRounds "6"]
[SourceTitle "Corr 2008"]
[Source "ChessBase"]
[SourceDate "2008.06.24"]
[SourceVersion "1"]
[SourceVersionDate "2008.06.24"]
[SourceQuality "1"]

1. e4 c5 2. c3 d5 3. exd5 Qxd5 4. d4 Nc6 5. Nf3 Nf6 6. Be3 Bg4 7. Be2 cxd4 8. cxd4 e6 9. Nc3 Qd6 10. 0-0 Be7 11. h3 Bh5 12. Qb3 0-0 13. Rfd1 Nb4 14. Bg5 Nbd5 15. Bxf6 Bxf6 16. Nxd5 exd5 17. Rd2 Rae8 18. Qxb7 Re7 19. Qb5 Rb8 20. Qa5 h6 21. Ne5 Bxe2 22. Rxe2 Bxe5 23. dxe5 Rxe5 24. Rxe5 Qxe5 25. Qxa7 Rxb2 26. Qe3 Qf6 27. Rd1 Rxa2 1/2-1/2

[Event "IECG SL.2006.0.00044"]
[Site "IECG email"]
[Date "2006.06.11"]
[Round "?"]
[White "Bojovic, Srdjan"]
[Black "Weiss, Frederic J Marie"]
[Result "1-0"]
[WhiteElo "1457"]
[BlackElo "1461"]
[PlyCount "77"]
[EventDate "2006.06.11"]
[EventType "tourn (corr)"]
[EventRounds "6"]
[SourceTitle "Corr 2008"]
[Source "ChessBase"]
[SourceDate "2008.06.24"]
[SourceVersion "1"]
[SourceVersionDate "2008.06.24"]
[SourceQuality "1"]

1. e4 e6 2. d4 c5 3. c3 cxd4 4. cxd4 d5 5. e5 Nc6 6. Nf3 Qb6 7. a3 Nge7 8. b4 Nf5 9. Bb2 Bd7 10. g4 Nfe7 11. Nc3 Na5 12. Qc2 Nc4 13. Bxc4 dxc4 14. Nd2 Qc6 15. Nce4 c3 16. Nd6+ Kd8 17. Nxf7+ Ke8 18. Nd6+ Kd8 19. N2e4 cxb2 20. Qxb2 Ng6 21. Rc1 Bxd6 22. Rxc6 Bxc6 23. Nxd6 Bxh1 24. Nf7+ Kd7 25. Nxh8 Rxh8 26. Qb3 a6 27. f3 Rf8 28. b5 a5 29. b6 Bxf3 30. Qb5+ Bc6 31. Qxa5 Rf4 32. Qc5 Nf8 33. a4 Rxg4 34. Qxf8 Bd5 35. a5 Rxd4 36. Qd6+ Ke8 37. a6 bxa6 38. b7 Re4+ 39. Kd2 1-0

[Event "IECG WC.2010.P.00016 email"]
[Site "IECG email"]
[Date "2006.06.05"]
[Round "?"]
[White "Bojovic, Srdjan"]
[Black "Munoz Sanchez, Emilio Josep"]
[Result "1/2-1/2"]
[WhiteElo "1457"]
[BlackElo "1883"]
[PlyCount "50"]
[EventDate "2006.06.05"]
[EventType "tourn (corr)"]
[EventRounds "6"]
[SourceTitle "Corr 2008"]
[Source "ChessBase"]
[SourceDate "2008.06.24"]
[SourceVersion "1"]
[SourceVersionDate "2008.06.24"]
[SourceQuality "1"]

1. d4 Nf6 2. c4 g6 3. Nc3 Bg7 4. e4 d6 5. Nf3 0-0 6. Be2 c5 7. d5 Nbd7 8. 0-0 h6 9. h3 a6 10. Be3 Re8 11. Qd2 Kh7 12. Rfe1 b6 13. a3 e6 14. Rab1 Bb7 15. b4 exd5 16. exd5 Qc7 17. Bd3 Rac8 18. b5 Ne5 19. Nxe5 dxe5 20. bxa6 Bxa6 21. Qc2 Ra8 22. Bd2 Qd6 23. a4 Kg8 24. Qc1 Kh7 25. Qc2 Kg8 1/2-1/2

[Event "IECG CP.2004.Q.00002 email"]
[Site "IECG email"]
[Date "2006.01.28"]
[Round "?"]
[White "Bojovic, Srdjan"]
[Black "Reyes, Damian"]
[Result "1-0"]
[WhiteElo "1393"]
[BlackElo "1500"]
[PlyCount "47"]
[EventDate "2006.01.20"]
[EventType "tourn (corr)"]
[EventRounds "6"]
[EventCountry "BOL"]
[SourceTitle "Corr 2008"]
[Source "ChessBase"]
[SourceDate "2008.06.24"]
[SourceVersion "1"]
[SourceVersionDate "2008.06.24"]
[SourceQuality "1"]

1. e4 c6 2. d4 d5 3. e5 Bf5 4. Nc3 e6 5. g4 Bg6 6. Nge2 c5 7. h4 cxd4 8. Nxd4 h5 9. f4 hxg4 10. Bb5+ Nd7 11. f5 Rxh4 12. Rf1 exf5 13. e6 fxe6 14. Qe2 Qe7 15. Bg5 Qxg5 16. Bxd7+ Kxd7 17. Qxe6+ Kd8 18. Qxd5+ Kc8 19. Qe6+ Kb8 20. Qe5+ Kc8 21. Ne6 Bd6 22. Qxd6 Qe7 23. 0-0-0 Qxd6 24. Rxd6 1-0

[Event "IECG CP.2004.Q.00002 email"]
[Site "IECG email"]
[Date "2006.01.28"]
[Round "?"]
[White "Santistevan, Ovidio"]
[Black "Bojovic, Srdjan"]
[Result "1-0"]
[WhiteElo "1733"]
[BlackElo "1393"]
[PlyCount "93"]
[EventDate "2006.01.20"]
[EventType "tourn (corr)"]
[EventRounds "6"]
[EventCountry "BOL"]
[SourceTitle "Corr 2008"]
[Source "ChessBase"]
[SourceDate "2008.06.24"]
[SourceVersion "1"]
[SourceVersionDate "2008.06.24"]
[SourceQuality "1"]

1. e4 c5 2. Nf3 d6 3. d4 cxd4 4. Nxd4 Nf6 5. Nc3 Nc6 6. Bg5 Bd7 7. Qd2 Rc8 8. Be2 Nxd4 9. Qxd4 Qa5 10. Be3 a6 11. 0-0 e6 12. a3 Be7 13. Rad1 0-0 14. Qd2 Qc7 15. f3 Bc6 16. Bd4 b5 17. Bd3 Nd7 18. Qf2 e5 19. Be3 f5 20. Qd2 Nf6 21. exf5 d5 22. Bg5 Bb7 23. Kh1 Bc5 24. Qc1 e4 25. fxe4 dxe4 26. Be2 Bxa3 27. Nxb5 Qxc2 28. Qxc2 Rxc2 29. Nd4 Rxb2 30. Bc1 Rc8 31. Bxb2 Bxb2 32. Rb1 Bxd4 33. Rxb7 a5 34. Rd1 Be3 35. Rb3 Bf4 36. Rb5 Rc2 37. Rd8+ Kf7 38. Rb7+ Rc7 39. Rxc7+ Bxc7 40. Rc8 Bd6 41. Ra8 Bb4 42. Ra7+ Kf8 43. Bc4 Ng4 44. Rf7+ Kg8 45. Rf6+ Kh8 46. Ra6 h5 47. Bf7 1-0

[Event "IECG QE.2005.0.00097 email"]
[Site "IECG email"]
[Date "2005.11.24"]
[Round "?"]
[White "Bojovic, Srdjan"]
[Black "Koenig, Michael"]
[Result "1-0"]
[WhiteElo "1388"]
[BlackElo "1294"]
[PlyCount "31"]
[EventDate "2005.11.24"]
[EventType "tourn (corr)"]
[EventRounds "6"]
[SourceTitle "Corr 2008"]
[Source "ChessBase"]
[SourceDate "2008.06.24"]
[SourceVersion "1"]
[SourceVersionDate "2008.06.24"]
[SourceQuality "1"]

1. d4 d5 2. c4 e6 3. Nc3 Bb4 4. cxd5 exd5 5. Nf3 c6 6. Bg5 Qa5 7. Qb3 h6 8. Bd2 Nf6 9. e3 0-0 10. Bd3 Re8 11. 0-0 Nbd7 12. a3 Bxc3 13. bxc3 Ne4 14. Be1 b5 15. a4 Ba6 16. c4 1-0

[Event "IECG QE.2005.0.00097 email"]
[Site "IECG email"]
[Date "2005.11.24"]
[Round "?"]
[White "Koenig, Michael"]
[Black "Bojovic, Srdjan"]
[Result "0-1"]
[WhiteElo "1294"]
[BlackElo "1388"]
[PlyCount "24"]
[EventDate "2005.11.24"]
[EventType "tourn (corr)"]
[EventRounds "6"]
[SourceTitle "Corr 2024"]
[Source "ChessBase"]
[SourceDate "2023.10.19"]
[SourceVersion "1"]
[SourceVersionDate "2023.10.19"]
[SourceQuality "1"]

1. e4 Nc6 2. Nf3 f5 3. exf5 d5 4. d4 Bxf5 5. Bb5 e6 6. Ne5 Nge7 7. Bg5 Qd6 8. c3 a6 9. Qa4 Rb8 10. Bxc6+ Nxc6 11. 0-0 b5 12. Qxa6 Nxe5 0-1

[Event "IECG CE.2005.0.00092 email"]
[Site "IECG email"]
[Date "2005.11.21"]
[Round "1"]
[White "Bojovic, Srdjan"]
[Black "Ferland, Thierry"]
[Result "1-0"]
[WhiteElo "1388"]
[BlackElo "1300"]
[PlyCount "63"]
[EventDate "2005.11.21"]
[EventType "tourn (corr)"]
[EventRounds "6"]
[SourceTitle "Corr 2008"]
[Source "ChessBase"]
[SourceDate "2008.06.24"]
[SourceVersion "1"]
[SourceVersionDate "2008.06.24"]
[SourceQuality "1"]

1. d4 d5 2. c4 c6 3. Nf3 Nf6 4. e3 Bg4 5. Qb3 b6 6. Ne5 e6 7. cxd5 exd5 8. Nxg4 Nxg4 9. h3 Nf6 10. Nc3 a5 11. Bd2 b5 12. Bd3 a4 13. Qc2 Na6 14. a3 Bd6 15. e4 dxe4 16. Nxe4 Rc8 17. Bxb5 0-0 18. Nxf6+ Qxf6 19. Bxa6 Rce8+ 20. Kf1 Qxd4 21. Bd3 Bc5 22. Be3 Rxe3 23. fxe3 Qxe3 24. Bxh7+ Kh8 25. Be4 Qf4+ 26. Bf3 Bd4 27. Rd1 Rb8 28. Qd2 Be3 29. Qd6 Qc4+ 30. Be2 Qb3 31. Rd3 Qb6 32. Rxe3 1-0

[Event "IECG CE.2005.0.00092 email"]
[Site "IECG email"]
[Date "2005.11.21"]
[Round "1"]
[White "Ornek, Ozer"]
[Black "Bojovic, Srdjan"]
[Result "1/2-1/2"]
[WhiteElo "1314"]
[BlackElo "1388"]
[PlyCount "52"]
[EventDate "2005.11.21"]
[EventType "tourn (corr)"]
[EventRounds "6"]
[SourceTitle "Corr 2008"]
[Source "ChessBase"]
[SourceDate "2008.06.24"]
[SourceVersion "1"]
[SourceVersionDate "2008.06.24"]
[SourceQuality "1"]

1. d4 d5 2. c4 c6 3. Nc3 Nf6 4. Nf3 a6 5. cxd5 cxd5 6. Bg5 Ne4 7. Bh4 Qa5 8. Qb3 e6 9. a3 Bd7 10. e3 Nxc3 11. Qxc3 Qxc3+ 12. bxc3 Nc6 13. c4 dxc4 14. Bxc4 Na5 15. Be2 Rc8 16. Ne5 Ba4 17. Bh5 g6 18. Bf6 Rg8 19. Bf3 Be7 20. Bxe7 Kxe7 21. Nd3 Bb5 22. Nb4 Rc7 23. a4 Bc4 24. g4 h6 25. h4 Bb3 26. Nd3 Rgc8 1/2-1/2

[Event "CFriend CP-2005-P-00056"]
[Site "Chessfriend.com"]
[Date "2005.10.01"]
[Round "1"]
[White "Bojovic, Srdjan"]
[Black "Poblete, Litos"]
[Result "1/2-1/2"]
[WhiteElo "1388"]
[BlackElo "1602"]
[PlyCount "38"]
[EventDate "2005.??.??"]
[EventType "tourn (corr)"]
[EventRounds "6"]
[SourceTitle "Corr 2008"]
[Source "ChessBase"]
[SourceDate "2008.06.24"]
[SourceVersion "1"]
[SourceVersionDate "2008.06.24"]
[SourceQuality "1"]

1. d4 Nf6 2. c4 e6 3. Nc3 Bb4 4. f3 d5 5. a3 Bxc3+ 6. bxc3 c5 7. cxd5 exd5 8. e3 0-0 9. Bd3 b6 10. Ne2 Ba6 11. 0-0 Re8 12. Ng3 Bxd3 13. Qxd3 Nc6 14. Ra2 h6 15. Re2 Qd7 16. Rfe1 Rac8 17. Nf5 Ne7 18. Nxe7+ Rxe7 19. e4 cxd4 1/2-1/2

[Event "CFriend CP.2005.P.00056"]
[Site "Chessfriend.com"]
[Date "2005.10.01"]
[Round "?"]
[White "Chovanec, Vladimir"]
[Black "Bojovic, Srdjan"]
[Result "1/2-1/2"]
[WhiteElo "1895"]
[BlackElo "1388"]
[PlyCount "73"]
[EventDate "2005.10.01"]
[EventType "tourn (corr)"]
[EventRounds "1"]
[SourceTitle "Corr 2008"]
[Source "ChessBase"]
[SourceDate "2008.06.24"]
[SourceVersion "1"]
[SourceVersionDate "2008.06.24"]
[SourceQuality "1"]

1. e4 c5 2. Nf3 d6 3. c3 Nf6 4. Be2 Bd7 5. d3 g6 6. 0-0 Bg7 7. Re1 0-0 8. a3 Nc6 9. Nbd2 e5 10. b4 Qe7 11. Bb2 Nh5 12. b5 Na5 13. d4 Nf4 14. Bf1 b6 15. a4 cxd4 16. cxd4 Rfc8 17. Ra3 g5 18. h3 g4 19. hxg4 Bxg4 20. Qa1 Re8 21. Rc1 Rad8 22. Nh2 Bh5 23. Rg3 Bg6 24. Nhf3 Nh5 25. Rg4 Bf6 26. Bc3 Qe6 27. Nh2 exd4 28. Bxd4 Bxd4 29. Qxd4 d5 30. exd5 Rxd5 31. Qc3 Rxd2 32. Qxd2 Nb3 33. Qb2 Nxc1 34. Qxc1 Qe1 35. Qc7 Re2 36. Qd8+ Re8 37. Qh4 1/2-1/2

[Event "CFriend CP.2005.P.00056"]
[Site "Chessfriend.com"]
[Date "2005.10.01"]
[Round "?"]
[White "Smet, Marc"]
[Black "Bojovic, Srdjan"]
[Result "1/2-1/2"]
[WhiteElo "1987"]
[BlackElo "1388"]
[PlyCount "80"]
[EventDate "2005.10.01"]
[EventType "tourn (corr)"]
[EventRounds "1"]
[SourceTitle "Corr 2008"]
[Source "ChessBase"]
[SourceDate "2008.06.24"]
[SourceVersion "1"]
[SourceVersionDate "2008.06.24"]
[SourceQuality "1"]

1. Nf3 d6 2. e4 Nf6 3. d3 g6 4. g3 Bg7 5. Bg2 0-0 6. 0-0 e5 7. Nh4 Nc6 8. Nc3 Bg4 9. f3 Be6 10. Be3 Nh5 11. Qd2 Nd4 12. Bxd4 exd4 13. Ne2 c5 14. f4 Bg4 15. Bf3 Qd7 16. Bxg4 Qxg4 17. Rae1 b6 18. Kh1 Rae8 19. Nc1 d5 20. Nf3 Qd7 21. e5 f6 22. exf6 Bxf6 23. Nb3 Ng7 24. c3 dxc3 25. bxc3 Qh3 26. Rf2 Rxe1+ 27. Qxe1 Re8 28. Ne5 g5 29. Qf1 Qxf1+ 30. Rxf1 Bxe5 31. fxe5 Rxe5 32. d4 cxd4 33. Nxd4 Re3 34. Nf5 Nxf5 35. Rxf5 g4 36. Rxd5 Re1+ 37. Kg2 Re2+ 38. Kg1 Rxa2 39. Rg5+ Kf7 40. Rxg4 a5 1/2-1/2

[Event "IECG CP.2004.P.00022 email"]
[Site "IECG email"]
[Date "2004.10.01"]
[Round "?"]
[White "Lelong, Eric"]
[Black "Bojovic, Srdjan"]
[Result "0-1"]
[WhiteElo "1990"]
[BlackElo "1292"]
[PlyCount "22"]
[EventDate "2004.10.01"]
[EventType "tourn (corr)"]
[EventRounds "6"]
[SourceTitle "Corr 2024"]
[Source "ChessBase"]
[SourceDate "2023.10.19"]
[SourceVersion "1"]
[SourceVersionDate "2023.10.19"]
[SourceQuality "1"]

1. d4 d5 2. e4 dxe4 3. Nc3 Nf6 4. f3 exf3 5. Nxf3 e6 6. Bg5 Be7 7. Bd3 Nc6 8. a3 h6 9. Bf4 g5 10. Be5 g4 11. Nd2 Rg8 0-1

[Event "IECG QN.2004.0.00313 email"]
[Site "IECG email"]
[Date "2004.02.02"]
[Round "?"]
[White "Bojovic, Srdjan"]
[Black "Hendershot, Paul"]
[Result "1-0"]
[WhiteElo "800"]
[BlackElo "695"]
[PlyCount "61"]
[EventDate "2004.02.02"]
[EventType "tourn (corr)"]
[EventRounds "6"]
[SourceTitle "Corr 2008"]
[Source "ChessBase"]
[SourceDate "2008.06.24"]
[SourceVersion "1"]
[SourceVersionDate "2008.06.24"]
[SourceQuality "1"]

1. e4 d6 2. d4 Nf6 3. Nc3 d5 4. exd5 Nxd5 5. Nxd5 Qxd5 6. Nf3 e6 7. Bd3 Nc6 8. 0-0 Bd7 9. c3 Bd6 10. Ng5 h6 11. Ne4 0-0-0 12. b4 e5 13. c4 Qe6 14. d5 Qg6 15. Ng3 Qf6 16. dxc6 Bxc6 17. b5 e4 18. bxc6 Qxa1 19. Qb3 bxc6 20. Bxe4 Qe5 21. Bf5+ Rd7 22. Qa4 Bc5 23. Qxc6 Kb8 24. Bxd7 Qd6 25. Nf5 Qxc6 26. Bxc6 g6 27. Be3 Bxe3 28. Nxe3 Rd8 29. Nd5 Rd6 30. Ne7 a6 31. Rb1+ 1-0

[Event "IECG QN.2003.0.00301 email "]
[Site "IECG email"]
[Date "2003.11.25"]
[Round "?"]
[White "Bojovic, Srdjan"]
[Black "McNally, Tony"]
[Result "1-0"]
[WhiteElo "800"]
[BlackElo "787"]
[PlyCount "71"]
[EventDate "2003.11.25"]
[EventType "tourn (corr)"]
[EventRounds "6"]
[SourceTitle "Corr 2008"]
[Source "ChessBase"]
[SourceDate "2008.06.24"]
[SourceVersion "1"]
[SourceVersionDate "2008.06.24"]
[SourceQuality "1"]

1. e4 c5 2. Nf3 d6 3. d4 cxd4 4. Nxd4 Nf6 5. Nc3 g6 6. Be3 Bg7 7. f3 0-0 8. Qd2 Nc6 9. g4 Ne5 10. 0-0-0 Be6 11. Kb1 Qa5 12. Be2 Rfc8 13. Nb3 Bxb3 14. cxb3 Qb4 15. Nd5 Nxd5 16. Qxd5 Rc6 17. a3 e6 18. Qxc6 bxc6 19. axb4 d5 20. Kc2 Bf6 21. Ra1 a6 22. f4 Nd7 23. e5 Be7 24. Rxa6 Rxa6 25. Bxa6 Bxb4 26. Bb7 c5 27. Bd2 Nb6 28. Bxb4 cxb4 29. h4 Nd7 30. h5 g5 31. Bc8 Nb6 32. fxg5 Nxc8 33. Ra1 Ne7 34. Ra8+ Kg7 35. Re8 Nc6 36. h6+ 1-0